All Current UFC Champions - Statistics

General Stats
  • This quiz has been taken 23 times
  • The average score is 7 of 11
Answer Stats
Weight Answer % Correct
Women's Flyweight Valentina Shevchenko
84%
Featherweight Alexander Volkanovski
79%
Flyweight Alexandre Pantoja
79%
Heavyweight Jon Jones
79%
Bantamweight Merab Dvalishvili
74%
Women's Bantamweight Julianna Pena
68%
Women's Strawweight Zhang Weili
63%
Middleweight Dricus Du Plessis
58%
Lightweight Islam Makhachev(Next is Ilia or Oliveira)
53%
Light Heavyweight Magomed Ankalaev
47%
Welterweight Jack Della Maddalena
42%
No matching quizzes found
Score Distribution
Percent of People with Each Score
Percentile by Number Answered
Your Score History
You have not taken this quiz